Kinh đô nước Việt qua các triều đại phong kiến Việt Nam

Trình bày lịch sử các kinh đô nước Việt được xây dựng qua các triều đại phong kiến, qua đó hiểu rõ hơn bản sắc văn hóa Việt Nam.

Bewaard in:
Bibliografische gegevens
Hoofdauteur: Đặng, Việt Thủy
Andere auteurs: Giang, Tuyết Minh
Formaat: Boek
Taal:Undetermined
Gepubliceerd in: H. Quân đội nhân dân 2010
Onderwerpen:
Online toegang:http://lrc.tdmu.edu.vn/opac/search/detail.asp?aID=2&ID=14992
Tags: Voeg label toe
Geen labels, Wees de eerste die dit record labelt!
Thư viện lưu trữ: Trung tâm Học liệu Trường Đại học Thủ Dầu Một
LEADER 00962nam a2200217Ia 4500
001 TDMU_14992
008 210410s9999 xx 000 0 und d
082 |a 959.7 
090 |b Đ116 
100 |a Đặng, Việt Thủy 
245 0 |a Kinh đô nước Việt qua các triều đại phong kiến Việt Nam 
245 0 |c Đặng Việt Thủy, Giang Tuyết Minh 
260 |a H. 
260 |b Quân đội nhân dân 
260 |c 2010 
300 |a 221 tr. 
520 |a Trình bày lịch sử các kinh đô nước Việt được xây dựng qua các triều đại phong kiến, qua đó hiểu rõ hơn bản sắc văn hóa Việt Nam. 
650 |a Lịch sử  |z Việt Nam; Thủ đô  |z Việt Nam 
700 |a Giang, Tuyết Minh 
856 |u http://lrc.tdmu.edu.vn/opac/search/detail.asp?aID=2&ID=14992 
980 |a Trung tâm Học liệu Trường Đại học Thủ Dầu Một